David Card - the empiricist in labour economics (Record no. 78867)
[ view plain ]
| 000 -LEADER | |
|---|---|
| fixed length control field | 00553nam a22002177a 4500 |
| 003 - CONTROL NUMBER IDENTIFIER | |
| control field | OSt |
| 005 - DATE AND TIME OF LATEST TRANSACTION | |
| control field | 20230512100502.0 |
| 008 - FIXED-LENGTH DATA ELEMENTS--GENERAL INFORMATION | |
| fixed length control field | 230512b |||||||| |||| 00| 0 eng d |
| 040 ## - CATALOGING SOURCE | |
| Transcribing agency | STCPL |
| 041 ## - LANGUAGE CODE | |
| Language code of text/sound track or separate title | English |
| 100 ## - MAIN ENTRY--PERSONAL NAME | |
| Personal name | N.S. Viswanath |
| 245 ## - TITLE STATEMENT | |
| Title of the article | David Card - the empiricist in labour economics |
| 246 ## - Journal / Periodical | |
| Title of the journal or magazine | Southern Economist |
| Volume, Issue | Vol.62; No.1 - |
| Month & Year | 1 May 2023 |
| Pages | pp. 51-54 |
| 630 ## - SUBJECT ADDED ENTRY--UNIFORM TITLE | |
| Uniform title | Economics |
| 650 ## - SUBJECT ADDED ENTRY--TOPICAL TERM | |
| Topical term | Nobel economist |
| 650 ## - SUBJECT ADDED ENTRY--TOPICAL TERM | |
| Topical term | David Card |
| 650 ## - SUBJECT ADDED ENTRY--TOPICAL TERM | |
| Topical term | Labour economics |
| 650 ## - SUBJECT ADDED ENTRY--TOPICAL TERM | |
| Topical term | Education modelling |
| 942 ## - ADDED ENTRY ELEMENTS (KOHA) | |
| Koha item type | Journal Articles |
| 942 ## - ADDED ENTRY ELEMENTS (KOHA) | |
| Source of classification or shelving scheme | Dewey Decimal Classification |
| Suppress in OPAC | No |
| Withdrawn status | Lost status | Source of classification or shelving scheme | Damaged status | Not for loan | Collection code | Home library | Current library | Shelving location | Date acquired | Total Checkouts | Date last seen | Price effective from | Koha item type |
|---|---|---|---|---|---|---|---|---|---|---|---|---|---|
| Dewey Decimal Classification | Back Volumes | ST. THOMAS COLLEGE LIBRARY, PALAI | ST. THOMAS COLLEGE LIBRARY, PALAI | Back Volumes Section | 2023-05-12 | 2023-05-12 | 2023-05-12 | Journal Articles |
